Locke e il diritto naturale
Guardat en:
| Autor principal: | |
|---|---|
| Format: | Llibre |
| Idioma: | espanyol |
| Publicat: |
Turín
Giappichelli
1963
|
| Col·lecció: | Corsi Universitari
|
| Matèries: | |
| Etiquetes: |
Afegir etiqueta
Sense etiquetes, Sigues el primer a etiquetar aquest registre!
|
MARC
| LEADER | 00000nam a2200000 a 4500 | ||
|---|---|---|---|
| 001 | UCS5868 | ||
| 003 | CL-VaPUC | ||
| 005 | 20240822162525.0 | ||
| 008 | 970906e19630000IT |||||||||||||||||spa|d | ||
| 999 | |c 261999 |d 261997 | ||
| 040 | |c Pontificia Universidad Católica de Valparaíso | ||
| 082 | 0 | 4 | |a 340.1 |b BOB |2 21 |
| 100 | |a Bobbio, Norberto |e autor |9 257371 | ||
| 245 | 1 | 0 | |a Locke e il diritto naturale |
| 260 | |a Turín |b Giappichelli |c 1963 | ||
| 300 | |a 287 p | ||
| 490 | 0 | |a Corsi Universitari | |
| 583 | |a last modification |c 19970906 00:00:00 |k Rodrigo Vera | ||
| 600 | 0 | |a Locke, John |d 1632-1704 |9 860808 | |
| 650 | 7 | |a DERECHO |2 CL-VaPUC |9 391401 | |
| 650 | 0 | |a Filosofía |9 223554 | |
| 650 | 0 | |a Teoría jurídica |9 345880 | |
| 650 | 0 | |a Derecho natural |9 255041 | |
| 650 | 7 | |a GOBIERNO CIVIL |2 CL-VaPUC |9 391402 | |
| 942 | |c BK |2 ddc | ||
| 945 | |d 19970906 00:00:00 |a lriquelm | ||
| 952 | |0 0 |1 0 |4 0 |6 340_100000000000000_BOB_1963 |7 0 |8 DER_TF |9 290138 |a BIBDER |b BIBDER |d 2019-11-19 |i 1880373 |l 1 |o 340.1 BOB 1963 |p 1880373 |r 2023-01-25 |s 2020-03-17 |w 2019-11-19 |x Ubicación 4to Piso |y BK |z Estos recursos deben solicitarse con anticipación |k DER | ||
| 952 | |0 0 |1 0 |4 0 |6 340_100000000000000_BOB_1963 |7 0 |8 DER_HIS |9 290139 |a BIBDER |b BIBDER |d 2019-11-19 |i 1887432 |l 1 |o 340.1 BOB 1963 |p 1887432 |r 2023-01-25 |s 2020-03-18 |w 2019-11-19 |x Ubicación 4to Piso |y BK |z Estos recursos deben solicitarse con anticipación |k DER | ||